| 000 | 00467nam a2200193Ia 4500 | ||
|---|---|---|---|
| 003 | 0100 | ||
| 008 | 130303s9999 xx 000 0 und d | ||
| 040 | _cARRUPELIB | ||
| 050 | _aB491.F7S74 1995 | ||
| 100 | _aStern-Gillet, Suzanne | ||
| 245 | _aAristotle 's philosophy of friendship | ||
| 260 | _aAlbany | ||
| 260 | _bState University of New York Press | ||
| 260 | _C1995 | ||
| 300 | _a233p. | ||
| 300 | _b 24cm. | ||
| 650 | _bSocialism | ||
| 942 |
_2lcc _03 |
||
| 999 |
_c61521 _d61521 |
||